Multiple Choice City Quiz – 's-Hertogenbosch - Statistics

General Stats
  • This quiz has been taken 5 times
  • The average score is 6 of 8
Answer Stats
Question Answer % Correct
What is food from this city? Bossche bol
100%
Of which province is 's-Hertogenbosch the capital of? North Brabant
100%
What is the name of 's-Hertogenbosch during Carnaval? Oeteldonk
100%
Which these cathedral is located in 's-Hertogenbosch St. John's Cathedral
100%
Famous Dutch painter from the city Hieronymus Bosch
80%
Newspaper that comes from the city: Brabants Dagblad
60%
What was the historical nickname they gave the city? The Swamp Dragon (De Moerasdraak)
60%
Who founded the city? Henry I, Duke of Brabant
20%
No matching quizzes found
Score Distribution
Percent of People with Each Score
Percentile by Number Answered
Your Score History
You have not taken this quiz